000 00463nam a2200181Ia 4500
008 240925s9999 xx 000 0 und d
020 _a71126724
082 _a621.382 KEN
100 _aKennedy, George
245 0 _aElectronic Communication Systems
250 _a4th
260 _aLake Forest:
_bMc Graw-Hill
_c,1998.
300 _a485p.
_bNA
_fOriginal
500 _aIncludes Index
600 _aElectronic Engineering
650 _aTechnology
942 _cBK
999 _c4244
_d4244